Personnalités au hasard #73 - Statistiques

Statistiques générales
  • Ce quiz a été pris 121 fois
  • Le résultat moyen est 7 sur 32
Statistiques - réponses
Par images Réponse % Correct
Shaquille O'Neal
65%
Maxence Lapérouse
62%
André The Giant
60%
Cameron Diaz
48%
Sean Connery
47%
Sean Penn
43%
Avril Lavigne
40%
Léo Ferré
35%
Big Show
31%
Justine Henin
29%
Demi Lovato
26%
Kate Moss
23%
Bruno Hourcade
22%
Zoe Saldana
22%
Marine Johannès
19%
Kelyan Blanc
16%
Beth Ditto
14%
Perrine Laffont
13%
Charlene Wittstock
12%
Kelly Clarkson
10%
Lupita Nyong'o
10%
Mary J. Blige
10%
Randy Johnson
10%
Maxime Chattam
9%
Jennifer Hudson
7%
Ronnie Coleman
7%
Alexis Michalik
6%
Lou Reed
6%
Toni Braxton
4%
Jyoti Amge
3%
Brenda Lee
2%
Tess Barthélemy
2%
Aucun quiz correspondant
Distribution des résultats
% des personnes avec chaque résultat
Percentile par nombre de réponses
Votre historique - résultats
Vous n’avez pas pris ce quiz